[Event "C.to Mondiale U18"]
[Site "Antalya TUR"]
[Date "2009.11.20"]
[Round "9"]
[White "Kleijn, Christov"]
[Black "De Filomeno, Simone"]
[Result "1/2-1/2"]
[WhiteElo "2383"]
[BlackElo "2234"]
[PlyCount "72"]
[EventDate "2009.11.12"]

1. d4 d5 2. c4 e6 3. Nf3 Nf6 4. g3 dxc4 5. Bg2 c5 6. Qa4+ Bd7 7. Qxc4 Nc6 8.
dxc5 Qa5+ 9. Nc3 Qxc5 10. Qb3 Qb4 11. Qc2 Rc8 12. O-O Be7 13. a3 Qc4 14. Bg5
O-O 15. Rfd1 Rfd8 16. e4 e5 17. Bf1 Qc5 18. Be3 Qa5 19. h3 Be6 20. b4 Rxd1 21.
Qxd1 Qd8 22. Qxd8+ Rxd8 23. Ng5 Bb3 24. Rb1 Bc2 25. Rc1 Bd3 26. Rd1 Bxf1 27.
Rxd8+ Bxd8 28. Kxf1 Nd4 29. Kg2 Nc2 30. Bxa7 Nxa3 31. Nf3 Nc2 32. b5 Ba5 33.
Na4 Nxe4 34. Nxe5 Nd6 35. Nc5 Nxb5 36. Nxb7 Nxa7 1/2-1/2

[Event "C.to Mondiale U18 femminile"]
[Site "Antalya TUR"]
[Date "2009.11.16"]
[Round "5"]
[White "Alpysbayeva, Aigerim"]
[Black "Brunello, Marina"]
[Result "0-1"]
[WhiteElo "1972"]
[BlackElo "2158"]
[PlyCount "74"]
[EventDate "2009.11.12"]

1. d4 Nf6 2. c4 e6 3. Nf3 c5 4. e3 d5 5. Nc3 Nc6 6. cxd5 exd5 7. Bb5 a6 8.
Bxc6+ bxc6 9. Ne5 Qc7 10. O-O Bd6 11. f4 O-O 12. Ne2 Ne4 13. Bd2 f6 14. Nf3 a5
15. dxc5 Bxc5 16. Nfd4 Re8 17. Ng3 Nxg3 18. hxg3 Qb6 19. Bc3 Rxe3 20. Kh2 Re4
21. Nb3 Bf5 22. Nxc5 Qxc5 23. Qb3 Rae8 24. Rae1 a4 25. Qb7 d4 26. Rxe4 Bxe4 27.
Be1 Qh5+ 28. Kg1 Bd3 29. g4 Qf7 30. Qxc6 Bxf1 31. Kxf1 Qe7 32. Qc4+ Qe6 33.
Qxe6+ Rxe6 34. b3 a3 35. Bb4 d3 36. g3 Re4 37. Bc3 Re2 0-1

[Event "Weekend"]
[Site "Pinerolo ITA"]
[Date "2009.11.13"]
[Round "1"]
[White "Abbura', Davide"]
[Black "Borello, Paola"]
[Result "1-0"]
[WhiteElo "1691"]
[BlackElo "1336"]
[PlyCount "89"]
[EventDate "2009.11.13"]

1. e4 e6 2. d4 d5 3. e5 c5 4. c3 Nc6 5. Nf3 Qb6 6. Be2 cxd4 7. cxd4 Bb4+ 8. Nc3
Nge7 9. O-O Nf5 10. a3 Be7 11. Na4 Qc7 12. b4 Ncxd4 13. Nxd4 Qxe5 14. Bb2 Bd7
15. Nb5 Qb8 16. Rc1 O-O 17. Nc7 Bxa4 18. Qxa4 Bd6 19. Nxa8 Bxh2+ 20. Kh1 Bf4
21. Rc2 Qxa8 22. Qb3 Qd8 23. Qh3 Qh4 24. Qxh4 Nxh4 25. g3 Bxg3 26. fxg3 Nf5 27.
Rf3 d4 28. Bd3 Ne3 29. Rc7 h5 30. Bxd4 Nd5 31. Rxb7 g5 32. Bc5 g4 33. Rf1 f5
34. Bxf8 Kxf8 35. Bxf5 Ne3 36. Bd3+ Nxf1 37. Bxf1 a6 38. Bxa6 e5 39. Bb5 e4 40.
Rh7 Kg8 41. Rxh5 Kg7 42. Re5 Kf6 43. Rxe4 Kf5 44. Bc6 Kg5 45. b5 1-0

[Event "Weekend"]
[Site "Pinerolo ITA"]
[Date "2009.11.13"]
[Round "1"]
[White "Bergoglio, Piergiorgio"]
[Black "Moschetto, Giuliano"]
[Result "0-1"]
[WhiteElo "1344"]
[BlackElo "1695"]
[PlyCount "74"]
[EventDate "2009.11.13"]

1. b4 Nf6 2. c3 b6 3. d4 Bb7 4. Bg5 e6 5. h4 Be7 6. Nh3 h6 7. Bf4 O-O 8. Nd2
Nh5 9. e3 Nxf4 10. Nxf4 Bxh4 11. Qg4 Bg5 12. Nh5 f5 13. Qh3 Qe8 14. Qh2 d6 15.
Be2 Nd7 16. f4 Bf6 17. O-O-O c5 18. a3 cxb4 19. axb4 Rc8 20. Nb1 Nb8 21. Rhe1
Be4 22. Bd3 Bxd3 23. Rxd3 Qb5 24. Kd2 a5 25. Na3 Qa4 26. Nc2 axb4 27. Ra1 bxc3+
28. Rxc3 Qd7 29. Rxc8 Qxc8 30. Ra7 Nc6 31. Ra1 Na5 32. Kd1 Qc3 33. Ra3 Qb2 34.
Nxf6+ Rxf6 35. Qh5 Qb1+ 36. Ke2 Qxc2+ 37. Kf3 Qd1+ 0-1

[Event "Weekend"]
[Site "Pinerolo ITA"]
[Date "2009.11.13"]
[Round "1"]
[White "Bonino, Matteo"]
[Black "Topczewski, Damian"]
[Result "0-1"]
[WhiteElo "1566"]
[BlackElo "2123"]
[PlyCount "58"]
[EventDate "2009.11.13"]

1. d4 d5 2. Bf4 Bf5 3. Nf3 e6 4. e3 Nf6 5. Nh4 Bg6 6. Nd2 Bd6 7. Bg3 Nbd7 8. c3
e5 9. Nxg6 hxg6 10. Bd3 Qe7 11. Qb3 e4 12. Be2 Rb8 13. O-O-O b5 14. Nb1 a5 15.
Bxd6 Qxd6 16. Qa3 Qb6 17. h3 b4 18. cxb4 axb4 19. Qb3 c5 20. Qa4 O-O 21. Rd2
Ra8 22. Qd1 Rxa2 23. Bg4 cxd4 24. Rxd4 Ne5 25. Qb3 Ra1 26. Be2 Nc6 27. Rd2 d4
28. exd4 Nxd4 29. Qe3 Rc8+ 0-1

[Event "Weekend"]
[Site "Pinerolo ITA"]
[Date "2009.11.13"]
[Round "1"]
[White "Carrozza, Alessandro"]
[Black "Carnino, Luca"]
[Result "1-0"]
[WhiteElo "1458"]
[BlackElo "1819"]
[PlyCount "29"]
[EventDate "2009.11.13"]

1. c4 e5 2. Nc3 Nf6 3. Nf3 g6 4. Nxe5 Bg7 5. Nf3 O-O 6. g3 d6 7. Bg2 c6 8. O-O
Re8 9. e3 Nbd7 10. d4 d5 11. cxd5 cxd5 12. b3 Nb6 13. Bb2 Bg4 14. Rc1 a6 15.
Qd2 1-0

[Event "Weekend"]
[Site "Pinerolo ITA"]
[Date "2009.11.13"]
[Round "1"]
[White "Christen, Peter Walter"]
[Black "Flego, Dario"]
[Result "1/2-1/2"]
[WhiteElo "1512"]
[BlackElo "1768"]
[PlyCount "99"]
[EventDate "2009.11.13"]

1. e4 d5 2. exd5 Qxd5 3. Nc3 Qa5 4. d4 Nf6 5. Nf3 c6 6. Bd2 Qb6 7. b3 Bf5 8.
Bc4 e6 9. O-O Nbd7 10. Re1 O-O-O 11. Qe2 Nd5 12. Nxd5 exd5 13. Bd3 Bg4 14. Bc3
Bb4 15. Bxb4 Qxb4 16. Qd2 Qd6 17. Ne5 Nxe5 18. Rxe5 f6 19. Ree1 g5 20. f3 Bd7
21. Re2 h5 22. Rae1 h4 23. Re7 g4 24. f4 g3 25. h3 Kb8 26. a4 Kc8 27. b4 Kb8
28. a5 Kc8 29. c3 Kb8 30. Qd1 Kc8 31. Qd2 Rde8 32. Rxe8+ Rxe8 33. Rxe8+ Bxe8
34. Qe3 Kd8 35. Bf5 Qe7 36. Qxe7+ Kxe7 37. Kf1 Bd7 38. Bg4 Bxg4 39. hxg4 Kd6
40. Ke2 b6 41. axb6 axb6 42. Ke3 c5 43. bxc5+ bxc5 44. g5 cxd4+ 45. cxd4 Ke6
46. Kf3 fxg5 47. fxg5 Kf5 48. g6 Kxg6 49. Kg4 Kf6 50. Kxh4 1/2-1/2

[Event "Weekend"]
[Site "Pinerolo ITA"]
[Date "2009.11.13"]
[Round "1"]
[White "Cirrincione, Giansalvo"]
[Black "Faraud, Roberto"]
[Result "1-0"]
[WhiteElo "1982"]
[BlackElo "1497"]
[PlyCount "55"]
[EventDate "2009.11.13"]

1. d4 d5 2. Bf4 Bf5 3. e3 e6 4. c4 dxc4 5. Bxc4 Bb4+ 6. Nc3 b6 7. Qa4+ b5 8.
Bxb5+ c6 9. Bxc6+ Nxc6 10. Qxc6+ Ke7 11. Qb7+ Kf6 12. Qxb4 g5 13. Be5+ Kg6 14.
Bxh8 Nf6 15. Bxf6 Kxf6 16. Nf3 Rb8 17. Qc5 Rxb2 18. O-O g4 19. Qe5+ Ke7 20. d5
gxf3 21. dxe6 fxe6 22. Nd5+ Qxd5 23. Qxb2 fxg2 24. Qg7+ Ke8 25. Rfd1 Qb5 26.
Rac1 e5 27. Rc7 Qb4 28. Qf7# 1-0

[Event "Weekend"]
[Site "Pinerolo ITA"]
[Date "2009.11.13"]
[Round "1"]
[White "Combina, Alberto"]
[Black "Stroppa, Daniel"]
[Result "0-1"]
[WhiteElo "1578"]
[BlackElo "2208"]
[PlyCount "72"]
[EventDate "2009.11.13"]

1. d4 Nf6 2. Nf3 b5 3. c3 e6 4. Bf4 a5 5. a3 c5 6. dxc5 Bxc5 7. e3 Qb6 8. Nbd2
d5 9. Nb3 Nbd7 10. Nxc5 Nxc5 11. Bd3 O-O 12. O-O Ba6 13. Re1 Rfc8 14. Rc1 Nfe4
15. Bxe4 dxe4 16. Nd4 Nd3 17. Qg4 f5 18. Qg3 Ra7 19. Rf1 Nxc1 20. Rxc1 b4 21.
axb4 axb4 22. h4 bxc3 23. Rxc3 Qxb2 24. Rxc8+ Bxc8 25. Be5 Qb1+ 26. Kh2 Qb7 27.
Nxe6 Bxe6 28. Bxg7 Kf7 29. Bd4 Qc7 30. Be5 Qe7 31. Bd4 Rd7 32. Qg7+ Ke8 33.
Qh8+ Qf8 34. Qe5 Qd6 35. f4 exf3 36. gxf3 Kf7 0-1

[Event "Weekend"]
[Site "Pinerolo ITA"]
[Date "2009.11.13"]
[Round "1"]
[White "De Vecchis, Luigi"]
[Black "Giacone, Maurizio"]
[Result "0-1"]
[WhiteElo "1380"]
[BlackElo "1731"]
[PlyCount "68"]
[EventDate "2009.11.13"]

1. d4 d5 2. c4 e6 3. Nc3 c6 4. Nf3 Nf6 5. e3 Bd6 6. b3 Nbd7 7. cxd5 exd5 8. Bd3
O-O 9. O-O Re8 10. Re1 Qc7 11. e4 dxe4 12. Nxe4 Nxe4 13. Rxe4 Rxe4 14. Bxe4 Nf6
15. Qd3 Nxe4 16. Qxe4 Qe7 17. Qxe7 Bxe7 18. Be3 Be6 19. Rc1 f6 20. h3 a5 21.
Nd2 a4 22. Nc4 axb3 23. axb3 Ra6 24. Kh2 b5 25. Nd2 Bd5 26. f3 Ra3 27. Rb1 Bb4
28. Kg3 Kf7 29. Kf2 Ra2 30. Ke1 Ra3 31. Ke2 h6 32. g3 Ra2 33. f4 f5 34. Kd3
Bxd2 0-1

[Event "Weekend"]
[Site "Pinerolo ITA"]
[Date "2009.11.13"]
[Round "1"]
[White "Della Penna, Vincenzo"]
[Black "Zaccaria, Christian"]
[Result "0-1"]
[WhiteElo "1775"]
[BlackElo "1440"]
[PlyCount "96"]
[EventDate "2009.11.13"]

1. e4 c5 2. Nf3 Nc6 3. Bc4 e6 4. Nc3 g6 5. d4 cxd4 6. Nxd4 Bg7 7. Ndb5 Bxc3+ 8.
Nxc3 a6 9. a3 Nce7 10. Bg5 b5 11. Bb3 Bb7 12. Qd4 f6 13. Bh4 e5 14. Qd6 g5 15.
Bxg5 Nc8 16. Qd1 h5 17. Qf3 d5 18. Bh4 dxe4 19. Nxe4 Rh6 20. Nxf6+ Nxf6 21.
Qxb7 Ne7 22. Rd1 Qc8 23. Qxc8+ Rxc8 24. O-O Kf8 25. c3 Kg7 26. Rd6 Ne4 27. Rxh6
Kxh6 28. Re1 Nd2 29. Bc2 Rg8 30. Kh1 Nc6 31. Rd1 Nc4 32. Bb3 N6a5 33. Bc2 Rg4
34. g3 Nxb2 35. Rd6+ Kg7 36. Rd7+ Kf8 37. Rc7 Rc4 38. Rxc4 Naxc4 39. Bg6 Nxa3
40. Bxh5 Nd3 41. g4 Nf4 42. Bg3 Nxh5 43. gxh5 Nc4 44. Kg2 a5 45. f4 a4 46. f5
a3 47. f6 Kf7 48. Bh4 a2 0-1

[Event "Weekend"]
[Site "Pinerolo ITA"]
[Date "2009.11.13"]
[Round "1"]
[White "Di Chiara, Mauro"]
[Black "Giaveno, Omar"]
[Result "1-0"]
[WhiteElo "1864"]
[BlackElo "1461"]
[PlyCount "81"]
[EventDate "2009.11.13"]

1. Nf3 d5 2. d4 Nf6 3. c4 c6 4. Nc3 e6 5. e3 Bb4 6. Bd3 Bxc3+ 7. bxc3 dxc4 8.
Bxc4 Nd5 9. Qc2 Nb6 10. Bb3 O-O 11. O-O Na6 12. a4 Qf6 13. e4 c5 14. Bg5 Qg6
15. Be7 Re8 16. Ne5 Qh6 17. g4 Qh3 18. Bxc5 Nxc5 19. dxc5 Nd7 20. Qd3 Qxd3 21.
Nxd3 b6 22. cxb6 axb6 23. Nb4 Nc5 24. Bc2 Bb7 25. e5 b5 26. axb5 Rxa1 27. Rxa1
g5 28. Nd3 Nxd3 29. Bxd3 Rc8 30. c4 Rd8 31. Bf1 Rd4 32. h3 Re4 33. Bg2 Rxc4 34.
Bxb7 Rc5 35. Bc6 Rxe5 36. b6 Re2 37. Rb1 Kg7 38. b7 Kf6 39. b8=Q Rc2 40. Qd8+
Kg7 41. Qxg5+ 1-0

[Event "Weekend"]
[Site "Pinerolo ITA"]
[Date "2009.11.13"]
[Round "1"]
[White "Finocchiaro, Gianluca"]
[Black "Piazza, Giacomo"]
[Result "1-0"]
[WhiteElo "2065"]
[BlackElo "1540"]
[PlyCount "91"]
[EventDate "2009.11.13"]

1. c4 Nf6 2. d4 d6 3. Nf3 g6 4. Nc3 Bg7 5. e4 O-O 6. Be2 Re8 7. O-O Nbd7 8. e5
dxe5 9. dxe5 Ng4 10. e6 fxe6 11. Ng5 Nxf2 12. Rxf2 Nf6 13. Qxd8 Rxd8 14. Be3 h6
15. Nge4 b6 16. Nxf6+ exf6 17. Bf3 Rb8 18. Rd1 Rf8 19. Rfd2 c5 20. Rd8 Ba6 21.
Rxb8 Rxb8 22. Be2 f5 23. Rd6 Rf8 24. Rxe6 f4 25. Bf2 Kf7 26. Rc6 Be5 27. Ne4
Rd8 28. Nxc5 Rd2 29. Bf1 Rxf2 30. Kxf2 Bd4+ 31. Ke1 Bxc5 32. Rc7+ Kf6 33. Rxa7
Bc8 34. a3 Bf5 35. b4 Bd4 36. Kd2 Bg1 37. h3 Kg5 38. Bd3 f3 39. gxf3 Bxh3 40.
Rg7 Kf4 41. Rxg6 Be3+ 42. Ke2 Bc1 43. Rxh6 Bg2 44. Kf2 Ke5 45. Rh5+ Kd4 46.
Rd5+ 1-0

[Event "Weekend"]
[Site "Pinerolo ITA"]
[Date "2009.11.13"]
[Round "1"]
[White "Giaveno, Marzio"]
[Black "Babilonia, Mauricio Rafael"]
[Result "0-1"]
[WhiteElo "1509"]
[BlackElo "2035"]
[PlyCount "82"]
[EventDate "2009.11.13"]

1. d4 d5 2. Bf4 Nf6 3. Nf3 g6 4. h3 Bg7 5. e3 O-O 6. Be2 Nbd7 7. O-O Re8 8.
Nbd2 b6 9. Ne5 Bb7 10. Bb5 a6 11. Ba4 b5 12. Bb3 c5 13. c3 e6 14. Bc2 Rc8 15.
b3 cxd4 16. cxd4 Nh5 17. Bh2 Nxe5 18. Bxe5 Bxe5 19. dxe5 Qc7 20. Bd3 Qxe5 21.
Nf3 Qc3 22. a4 b4 23. Rc1 Qxc1 24. Qxc1 Rxc1 25. Rxc1 Rc8 26. Re1 Rc3 27. Be2
Rxb3 28. Rc1 Rc3 29. Rb1 a5 30. Kf1 Nf6 31. Nd2 Rc2 32. Nb3 Ne4 33. Nxa5 Nd2+
34. Ke1 Nxb1 35. Bd3 Rc1+ 36. Ke2 Bc8 37. Nb3 Nc3+ 38. Kd2 Rg1 39. Bb5 e5 40.
Nc5 Bf5 41. g4 Rd1# 0-1

[Event "Weekend"]
[Site "Pinerolo ITA"]
[Date "2009.11.13"]
[Round "1"]
[White "Longo, Luigi"]
[Black "Giordana, Diego"]
[Result "1-0"]
[WhiteElo "1962"]
[BlackElo "1485"]
[PlyCount "65"]
[EventDate "2009.11.13"]

1. d4 Nf6 2. Nf3 e6 3. Bg5 c5 4. e3 Nc6 5. c3 Be7 6. Nbd2 d5 7. Bd3 b6 8. O-O
O-O 9. Qa4 Bd7 10. Qd1 Qc7 11. Re1 e5 12. dxe5 Nxe5 13. Nxe5 Qxe5 14. Bf4 Qh5
15. Be2 Bg4 16. f3 Be6 17. g4 Qh4 18. Bg3 Qh6 19. f4 Qh3 20. f5 Bd7 21. g5 Ne4
22. Bg4 Qxg4 23. Qxg4 Nxd2 24. Rad1 Ne4 25. Rxd5 Nd6 26. Bxd6 Bxd6 27. Rxd6 Bc8
28. Red1 g6 29. e4 Kh8 30. Qh4 gxf5 31. Rh6 Bb7 32. Rxh7+ Kg8 33. Rh8+ 1-0

[Event "Weekend"]
[Site "Pinerolo ITA"]
[Date "2009.11.13"]
[Round "1"]
[White "Medaglia, Enzo"]
[Black "La Mesa, Sergio"]
[Result "1-0"]
[WhiteElo "1748"]
[BlackElo "1413"]
[PlyCount "59"]
[EventDate "2009.11.13"]

1. e4 g6 2. Nf3 Bg7 3. d4 d6 4. Be2 e6 5. O-O Nd7 6. Bg5 Ne7 7. c3 a6 8. Na3 b6
9. Nc2 Bb7 10. Bd3 h6 11. Bd2 e5 12. Qc1 g5 13. h3 Ng6 14. Re1 Nf6 15. Nh2 Nf4
16. Bxf4 gxf4 17. Qd1 Nh7 18. Bc4 Nf6 19. d5 Qd7 20. Bb3 Rg8 21. Na3 Bf8 22.
Kh1 Nh7 23. Nc4 Ng5 24. Ng4 Qe7 25. Ba4+ b5 26. Na5 Rb8 27. Bc2 h5 28. Nh2 Rh8
29. h4 Qd7 30. hxg5 1-0

[Event "Weekend"]
[Site "Pinerolo ITA"]
[Date "2009.11.13"]
[Round "1"]
[White "Molina, Fabrizio"]
[Black "Bellia, Mario"]
[Result "1-0"]
[WhiteElo "2220"]
[BlackElo "1582"]
[PlyCount "43"]
[EventDate "2009.11.13"]

1. d4 d5 2. Nf3 e6 3. c4 c5 4. cxd5 exd5 5. Nc3 Nf6 6. Bg5 cxd4 7. Nxd4 Nc6 8.
e3 Be7 9. Bb5 Bd7 10. O-O O-O 11. Rc1 a6 12. Be2 h6 13. Bh4 Bg4 14. Bxg4 Nxd4
15. Qxd4 Nxg4 16. Bxe7 Qxe7 17. Qxg4 Rad8 18. Rfd1 f5 19. Nxd5 Rxd5 20. Qc4
Rfd8 21. Rxd5 Rxd5 22. Qxd5+ 1-0

[Event "Weekend"]
[Site "Pinerolo ITA"]
[Date "2009.11.13"]
[Round "1"]
[White "Pesiri, Rossano"]
[Black "Martin, Tiziano"]
[Result "1-0"]
[WhiteElo "1497"]
[BlackElo "1968"]
[PlyCount "69"]
[EventDate "2009.11.13"]

1. d4 d5 2. c4 c6 3. Nc3 Nf6 4. Nf3 Qb6 5. e3 Bf5 6. Be2 e6 7. O-O Nbd7 8. Nd2
Be7 9. f3 O-O 10. c5 Qc7 11. e4 Bg6 12. e5 Ne8 13. b4 a5 14. b5 Nxc5 15. dxc5
Bxc5+ 16. Kh1 Qxe5 17. Bb2 Bd4 18. f4 Qf6 19. Rc1 Qd8 20. bxc6 bxc6 21. Ba3 Nd6
22. Na4 Rc8 23. Nb3 Be3 24. Rc3 Ba7 25. Ba6 Rc7 26. Nxa5 Ne4 27. Rxc6 Qh4 28.
Qf3 Rxc6 29. Nxc6 Bf2 30. Rxf2 Nxf2+ 31. Kg1 Ng4 32. Ne7+ Kh8 33. Nxg6+ hxg6
34. Bxf8 Qxh2+ 35. Kf1 1-0

[Event "Weekend"]
[Site "Pinerolo ITA"]
[Date "2009.11.13"]
[Round "1"]
[White "Petritaj, Ferdinando"]
[Black "Combina, Gabriele"]
[Result "1-0"]
[WhiteElo "2193"]
[BlackElo "1572"]
[PlyCount "81"]
[EventDate "2009.11.13"]

1. d4 f5 2. c4 e6 3. Nf3 Nf6 4. Bg5 c6 5. e3 d5 6. Nc3 Bd6 7. Bd3 O-O 8. O-O
Qe8 9. Bxf6 Rxf6 10. Ne5 Nd7 11. f4 Nf8 12. Rb1 Bd7 13. b4 b6 14. b5 cxb5 15.
cxd5 b4 16. dxe6 Bxe6 17. Nb5 Qe7 18. Qd2 a5 19. Rbc1 Rc8 20. Rxc8 Bxc8 21. Rc1
Bb7 22. Bc4+ Ne6 23. Bb3 Rf8 24. Nc4 Bb8 25. Nxb6 Kh8 26. d5 Nd8 27. Nd4 Rf6
28. Ne6 Nxe6 29. dxe6 Rg6 30. Bd5 h5 31. Nd7 Bxd5 32. Qxd5 Ba7 33. Rc8+ Kh7 34.
Nf8+ Kh6 35. Nxg6 Bxe3+ 36. Kh1 Kxg6 37. Qe5 Bb6 38. Rc6 Bd8 39. Rc5 Qf6 40.
Rd5 Qxe5 41. fxe5 1-0

[Event "Weekend"]
[Site "Pinerolo ITA"]
[Date "2009.11.13"]
[Round "1"]
[White "Porzio, Franco"]
[Black "Ghisio, Paolo"]
[Result "1-0"]
[WhiteElo "1710"]
[BlackElo "1351"]
[PlyCount "57"]
[EventDate "2009.11.13"]

1. e4 d6 2. d4 Nf6 3. Nf3 e6 4. Bd3 Nc6 5. Bg5 Be7 6. c3 O-O 7. O-O a6 8. Qc2
e5 9. Nbd2 Bg4 10. h3 Bd7 11. dxe5 Nxe5 12. Nxe5 dxe5 13. f4 Bd6 14. Nc4 Qe7
15. Rae1 b5 16. Ne3 Bc5 17. Kh1 Qe6 18. Nd5 Ne8 19. f5 Qd6 20. b4 Ba7 21. Be7
Qh6 22. f6 Nxf6 23. Rxf6 Qh5 24. Be2 Qg5 25. Rf3 Qh6 26. Bxf8 Kxf8 27. Ref1 Rd8
28. Rxf7+ Kg8 29. Ne7+ 1-0

[Event "Weekend"]
[Site "Pinerolo ITA"]
[Date "2009.11.13"]
[Round "1"]
[White "Revello, Beatrice"]
[Black "Sotgia, Cosimo"]
[Result "0-1"]
[WhiteElo "1479"]
[BlackElo "1874"]
[PlyCount "82"]
[EventDate "2009.11.13"]

1. e4 e5 2. Nf3 Nc6 3. Nc3 Nf6 4. Bc4 Nxe4 5. Nxe4 d5 6. Bxd5 Qxd5 7. Nc3 Qd6
8. h3 Bf5 9. d3 Be7 10. Be3 Nd4 11. Ne4 Bxe4 12. dxe4 Qb4+ 13. Nd2 Qxb2 14.
Bxd4 Qxd4 15. O-O Rd8 16. Nf3 Qxe4 17. Qe1 Qxe1 18. Rfxe1 f6 19. Rad1 Kf7 20.
Kf1 Bb4 21. Rxd8 Rxd8 22. Rb1 a5 23. Rc1 Bc3 24. Ng1 Rd6 25. Ne2 Bb2 26. Rb1
Rb6 27. g4 Bd4 28. Rxb6 Bxb6 29. f3 Ke6 30. Ke1 g6 31. Kd2 Bf2 32. Kd3 Be1 33.
f4 h5 34. gxh5 gxh5 35. Ke4 f5+ 36. Kf3 e4+ 37. Ke3 Kd5 38. Nd4 Bf2+ 39. Kxf2
Kxd4 40. Kg3 Ke3 41. Kh4 Kxf4 0-1

[Event "Weekend"]
[Site "Pinerolo ITA"]
[Date "2009.11.14"]
[Round "2"]
[White "Babilonia, Mauricio Rafael"]
[Black "Abbura', Davide"]
[Result "1-0"]
[WhiteElo "2035"]
[BlackElo "1691"]
[PlyCount "59"]
[EventDate "2009.11.13"]

1. d4 d5 2. c4 e6 3. g3 Nf6 4. Nf3 Be7 5. Bg2 O-O 6. O-O Nbd7 7. e3 c6 8. b3
Qc7 9. Bb2 Re8 10. Nbd2 Bd6 11. h3 e5 12. c5 Bf8 13. dxe5 Ne4 14. b4 b6 15.
cxb6 axb6 16. a3 Nxd2 17. Qxd2 g6 18. Rac1 Ba6 19. Rfd1 Rad8 20. Qc3 Bg7 21.
Qxc6 Qxc6 22. Rxc6 Bb7 23. Rc7 Ba8 24. Rc2 Nxe5 25. Bxe5 Bxe5 26. Nxe5 Rxe5 27.
Rcd2 f5 28. Kf1 Kf7 29. Ke2 Bb7 30. f4 1-0

[Event "Weekend"]
[Site "Pinerolo ITA"]
[Date "2009.11.14"]
[Round "2"]
[White "Carnino, Luca"]
[Black "Christen, Peter Walter"]
[Result "1-0"]
[WhiteElo "1819"]
[BlackElo "1512"]
[PlyCount "35"]
[EventDate "2009.11.13"]

1. e4 e6 2. d4 d5 3. Nc3 Bb4 4. e5 c5 5. Nf3 Nc6 6. a3 Bxc3+ 7. bxc3 cxd4 8.
cxd4 Nge7 9. Bd3 h6 10. O-O O-O 11. c3 Bd7 12. g4 f5 13. exf6 Rxf6 14. g5 hxg5
15. Bxg5 Rf8 16. Ne5 Be8 17. Qg4 Qc8 18. Bh6 1-0

[Event "Weekend"]
[Site "Pinerolo ITA"]
[Date "2009.11.14"]
[Round "2"]
[White "Carrozza, Alessandro"]
[Black "Pesiri, Rossano"]
[Result "1-0"]
[WhiteElo "1458"]
[BlackElo "1497"]
[PlyCount "79"]
[EventDate "2009.11.13"]

1. c4 Nf6 2. Nc3 c5 3. g3 g6 4. Bg2 Bg7 5. Nf3 O-O 6. O-O d6 7. d4 cxd4 8. Nxd4
a6 9. b3 Qc7 10. Bb2 Bd7 11. e3 Nc6 12. Nf3 Rfd8 13. Qc2 Bf5 14. Qd2 Qd7 15.
Rad1 Bh3 16. Na4 Bxg2 17. Kxg2 Qf5 18. Nc3 Ng4 19. Nd5 Nf6 20. Nd4 Qh5 21. Nxc6
bxc6 22. Nxe7+ Kh8 23. Bxf6 Bxf6 24. Nxc6 Rd7 25. Qb4 a5 26. Qb5 Qg4 27. f3 Qe6
28. e4 Rc7 29. Qd5 Qd7 30. Nd4 Ra6 31. Nb5 Rcc6 32. Qd2 a4 33. Qf4 Qe7 34. Qd2
Qe5 35. Qd5 Qe7 36. Rf2 Qd7 37. b4 Qc8 38. Qxf7 d5 39. Rxd5 Rxc4 40. Nd6 1-0

[Event "Weekend"]
[Site "Pinerolo ITA"]
[Date "2009.11.14"]
[Round "2"]
[White "Cirrincione Paze', Paolo"]
[Black "Finocchiaro, Gianluca"]
[Result "0-1"]
[WhiteElo "1650"]
[BlackElo "2065"]
[PlyCount "64"]
[EventDate "2009.11.13"]

1. d4 c5 2. c3 Nf6 3. Nf3 e6 4. Bf4 d5 5. e3 Nc6 6. Bd3 Be7 7. Nbd2 a5 8. a4
Qb6 9. Rb1 cxd4 10. exd4 Nh5 11. Bg3 Nxg3 12. hxg3 h6 13. Qe2 Bf6 14. g4 Qd8
15. Qe3 g5 16. Ke2 Bd7 17. Rh2 Bg7 18. Nf1 Qc7 19. Ng3 O-O-O 20. Nh5 Bf8 21.
Nf6 Bd6 22. g3 Kb8 23. Nxd7+ Qxd7 24. Bb5 e5 25. Bxc6 Qxc6 26. b3 exd4 27. Qxd4
Rhe8+ 28. Kd2 Bc5 29. Qd3 d4 30. c4 Qe6 31. Rbh1 Qxg4 32. Rxh6 Re3 0-1

[Event "Weekend"]
[Site "Pinerolo ITA"]
[Date "2009.11.14"]
[Round "2"]
[White "Combina, Gabriele"]
[Black "Bellia, Mario"]
[Result "1-0"]
[WhiteElo "1572"]
[BlackElo "1582"]
[PlyCount "55"]
[EventDate "2009.11.13"]

1. d4 d5 2. Bf4 Nf6 3. e3 e6 4. Nf3 Nbd7 5. c3 Be7 6. Bd3 a5 7. Nbd2 a4 8. Qe2
c6 9. e4 Ra5 10. e5 Nh5 11. Be3 g6 12. g4 Ng7 13. Bh6 O-O 14. h4 b5 15. h5 b4
16. hxg6 fxg6 17. Qe3 bxc3 18. bxc3 Ba6 19. Bxa6 Rxa6 20. Bxg7 Kxg7 21. Qh6+
Kf7 22. Qxh7+ Ke8 23. Qxg6+ Rf7 24. Rh8+ Nf8 25. Qxe6 Rh7 26. Qg6+ Rf7 27. e6
c5 28. Qxf7# 1-0

[Event "Weekend"]
[Site "Pinerolo ITA"]
[Date "2009.11.14"]
[Round "2"]
[White "Faraud, Roberto"]
[Black "Bergoglio, Piergiorgio"]
[Result "1-0"]
[WhiteElo "1497"]
[BlackElo "1344"]
[PlyCount "115"]
[EventDate "2009.11.13"]

1. f4 c5 2. e4 e6 3. Bc4 b6 4. Nf3 Bb7 5. c3 Bxe4 6. Qe2 Bb7 7. d3 a6 8. O-O b5
9. Bb3 d5 10. f5 Bc8 11. fxe6 Bxe6 12. Bg5 Be7 13. Bxe7 Nxe7 14. Nbd2 Qb6 15.
Kh1 c4 16. dxc4 O-O 17. cxb5 axb5 18. Bc2 Nd7 19. Ng5 Nf6 20. a3 h6 21. Ngf3
Qd6 22. Nd4 Bd7 23. Nxb5 Bxb5 24. Qxb5 Ng4 25. Nf3 Ne3 26. Qd3 N7f5 27. Rf2
Rae8 28. g3 Nxc2 29. Qxc2 Qg6 30. Nd4 Nxd4 31. cxd4 Re4 32. Qd2 f5 33. Raf1 Rg4
34. Qd3 Rg5 35. b4 h5 36. Rf4 Rf6 37. Qf3 Qh7 38. Qxd5+ Kh8 39. Qd8+ Qg8 40.
Qxg8+ Kxg8 41. a4 g6 42. b5 Rb6 43. Re1 h4 44. Rxh4 Kg7 45. Kg2 Rb7 46. Kf3 Rc7
47. d5 Rc3+ 48. Re3 Rxe3+ 49. Kxe3 f4+ 50. Rxf4 Rxd5 51. b6 Rd1 52. Ke2 Rb1 53.
a5 Rb5 54. Ra4 Re5+ 55. Kf3 Rf5+ 56. Ke4 Rf7 57. Ke5 Re7+ 58. Kd6 1-0

[Event "Weekend"]
[Site "Pinerolo ITA"]
[Date "2009.11.14"]
[Round "2"]
[White "Flego, Dario"]
[Black "Martin, Tiziano"]
[Result "1/2-1/2"]
[WhiteElo "1768"]
[BlackElo "1968"]
[PlyCount "74"]
[EventDate "2009.11.13"]

1. c4 e6 2. b3 Nf6 3. Bb2 d5 4. Nf3 Nbd7 5. g3 Bd6 6. Bg2 c6 7. d3 O-O 8. Nbd2
Qe7 9. O-O e5 10. Qc2 Re8 11. cxd5 Nxd5 12. Ne4 Bc7 13. a3 f5 14. Nc3 N5f6 15.
Rac1 Nf8 16. b4 e4 17. Nd4 e3 18. b5 exf2+ 19. Kh1 c5 20. Nb3 Kh8 21. e4 c4 22.
Nd2 cxd3 23. Qxd3 fxe4 24. Ndxe4 Bf5 25. Nd5 Nxd5 26. Qxd5 Bxe4 27. Bxe4 Bb6
28. Bb1 Rad8 29. Qh5 Rd2 30. Bc3 Re2 31. Bb4 Qe5 32. Qf7 Ng6 33. Qxb7 Bd4 34.
Qf3 Qe3 35. Qh5 Qh6 36. Qg4 Bb6 37. Bxg6 Qxg6 1/2-1/2

[Event "Weekend"]
[Site "Pinerolo ITA"]
[Date "2009.11.14"]
[Round "2"]
[White "Ghisio, Paolo"]
[Black "Bonino, Matteo"]
[Result "0-1"]
[WhiteElo "1351"]
[BlackElo "1566"]
[PlyCount "60"]
[EventDate "2009.11.13"]

1. e4 e6 2. d4 d5 3. e5 c5 4. c3 Nc6 5. Nf3 Qb6 6. b3 Nge7 7. Be3 Nf5 8. Qd2
Bd7 9. Be2 cxd4 10. cxd4 Bb4 11. Nc3 Qa5 12. Rc1 Rc8 13. Qd3 Ncxd4 14. Bd2 Nb5
15. O-O Nxc3 16. a3 Nxe2+ 17. Qxe2 Bxd2 18. Nxd2 O-O 19. Rcd1 Bb5 20. Qf3 Bxf1
21. Kxf1 Rc2 22. b4 Qb5+ 23. Kg1 Rfc8 24. h3 R8c3 25. Qg4 h6 26. Ne4 Rd3 27.
Nf6+ Kh8 28. Nh5 Rxd1+ 29. Qxd1 Qe2 30. Qxe2 Rxe2 0-1

[Event "Weekend"]
[Site "Pinerolo ITA"]
[Date "2009.11.14"]
[Round "2"]
[White "Giacone, Maurizio"]
[Black "Molina, Fabrizio"]
[Result "0-1"]
[WhiteElo "1731"]
[BlackElo "2220"]
[PlyCount "30"]
[EventDate "2009.11.13"]

1. b3 e5 2. Bb2 Nc6 3. e3 d5 4. Bb5 Bd6 5. h3 Nge7 6. Nf3 O-O 7. Be2 h6 8. c4
e4 9. Nd4 Nxd4 10. Bxd4 Nf5 11. Bb2 Qg5 12. Bg4 h5 13. Bxh5 Qxg2 14. Rf1 Ng3
15. Be2 Bxh3 0-1